Úlohy a funkcie verejnej vlády a verejného sektora v 21. storočí bakalárska práca

Guardado en:
Detalles Bibliográficos
Autor principal: Chodorčuková, Emília
Autor Corporativo: Národohospodárska fakulta EU. Katedra financií
Otros Autores: Boór, Matej, 1988-
Formato: Libro
Lenguaje:eslovaco
Publicado: Bratislava 2020
Etiquetas: Agregar Etiqueta
Sin Etiquetas, Sea el primero en etiquetar este registro!

MARC

LEADER 00000nbm a2200000 4500
001 0265554
005 20200925132315.3
041 0 |a slo 
044 |a SK 
245 1 0 |a Úlohy a funkcie verejnej vlády a verejného sektora v 21. storočí  |b bakalárska práca  |c Emília Chodorčuková ; školiteľ: Matej Boór 
264 1 |a Bratislava  |c 2020 
300 |a 46 s. 
100 1 |a Chodorčuková, Emília 
700 1 |a Boór, Matej, 1988- 
710 2 |a Národohospodárska fakulta EU. Katedra financií